000
00272nam a2200109Ia 4500
005
20251222155133.0
008
251222s9999||||xx |||||||||||||| ||spa||
082
_a
EDUM.28.1-2
245
0
_a
Las innovaciones pedagógicas y la didáctica
264
_b
No tiene
942
_c
LIB
999
_c
38883
_d
38883